| 000 | 00401 a2200157 4500 | ||
|---|---|---|---|
| 020 | _a8493232580/8489698570 | ||
| 082 |
_a708 _bJ11e |
||
| 100 |
_aAlfredo Jaar _91188 |
||
| 110 |
_aMUSAC _91189 |
||
| 245 | _aEmergencia | ||
| 260 |
_aEspaą _bMUSAC |
||
| 300 |
_a261 p _c23 cm |
||
| 650 |
_aExhibiciones-Africa _y2000 _zCastilla y Leon, Espaą _91190 |
||
| 700 |
_aAlfredo Jaar _91191 |
||
| 710 |
_aMUSAC _91192 |
||
| 999 |
_c258 _d258 |
||